|
|
|
|
| LEADER |
00000nbm0a2200000 4500 |
| 001 |
41773 |
| 005 |
20240208095548.0 |
| 035 |
|
|
|a (RuTPU)RU\TPU\book\42903
|
| 090 |
|
|
|a 41773
|
| 100 |
|
|
|a 20020701d2002 k y0rusy50 ca
|
| 101 |
0 |
|
|a rus
|
| 102 |
|
|
|a RU
|
| 105 |
|
|
|a a m 001zy
|
| 200 |
1 |
|
|a Керамические материалы и покрытия на основе фосфатных связующих
|e диссертация на соискание ученой степени кандидата технических наук:
|e Спец. 05.17.11
|f В. В. Гузеев
|g Томский политехнический университет ; науч. рук. В. И. Верещагин
|
| 210 |
|
|
|a Томск
|d 2002
|
| 215 |
|
|
|a 162 л.
|c ил.
|
| 320 |
|
|
|a Библиогр.: с. 147-159.
|
| 610 |
1 |
|
|a химическая технология
|
| 610 |
1 |
|
|a керамические материалы
|
| 610 |
1 |
|
|a керамические покрытия
|
| 610 |
1 |
|
|a фосфатные связующие
|
| 610 |
1 |
|
|a фосфаты
|
| 610 |
1 |
|
|a неорганические композиты
|
| 610 |
1 |
|
|a свойства
|
| 610 |
1 |
|
|a применение
|
| 610 |
1 |
|
|a керамика
|
| 610 |
1 |
|
|a получение
|
| 610 |
1 |
|
|a защитные покрытия
|
| 610 |
1 |
|
|a диссертации
|
| 610 |
1 |
|
|a труды учёных ТПУ
|
| 675 |
|
|
|a 666.3(04)
|v 3
|
| 686 |
|
|
|a 05.17.11
|2 oksvnk
|
| 700 |
|
1 |
|a Гузеев
|b В. В.
|g Василий Витальевич
|
| 702 |
|
1 |
|a Верещагин
|b В. И.
|c химик-технолог
|c профессор Томского политехнического университета, доктор технических наук
|f 1942-
|g Владимир Иванович
|3 (RuTPU)RU\TPU\pers\19774
|4 727
|9 7712
|
| 712 |
0 |
2 |
|a Томский политехнический университет
|3 (RuTPU)RU\TPU\col\376
|
| 801 |
|
1 |
|a RU
|b 63413507
|c 20020701
|g PSBO
|
| 801 |
|
2 |
|a RU
|b 63413507
|c 20230628
|g PSBO
|
| 942 |
|
|
|c BK
|